000 00492nam a22001817a 4500
003 CEME
005 20210628203943.0
008 210311b xxu||||| |||| 00| 0 eng d
020 _a0-07-002566-5
040 _c.
082 _a658.5 TES'A
100 _aAt & T
_967920
245 _aTesting to verify design and manufacturing reading
260 _aNEWYORK
_bMCGRAW HILL
_c1993
300 _a239P
650 _aDESIGN INDUSTRIAL TESTING COMPUTER SOFTWARE TESTING
_967993
942 _cBK
_2ddc
999 _c575663
_d575663